000 00679nam a2200241Ia 4500
003 OSt
005 20221005034853.0
006 a|||||r|||| 00| 0
007 ta
008 221004b |||||||| |||| 00| 0 eng d
024 _a122
037 _cTextual
040 _aCRL
_cCRL
_beng
041 _2eng
_aeng
082 _aR66xD68x, M6
100 _aGopinatha Rao T A Ed.
_9587765
245 0 _aCopper-plate inscriptions belonging to the Sri Sankaracharya of the Kamakoti-pitha
260 _aDelhi
_bGain
_c1986
300 _a137p
_ccm.
650 _aPHILOSOPHY
942 _hR66xD68x, M6
_cTEXL
_2cc
999 _c944216
_d944216